000 01011nas a2200337 4500
001 BR0205193
003 BR-BrBNA
005 20231205103322.0
007 ta
008 230509b bl.|||p| |||| 00| 00por d
040 _aBR-BrBNA
_bpor
_cBiblioteca Nacional de Agricultura
041 _a(Pt)
072 _aL52; L02
100 1 _aModesto, E.C.
100 1 _aMancio, A.B.
100 1 _aMenin, E.
100 1 _aCecon, P.R.
100 1 _aDetmann, E.
245 1 _aDesempenho produtivo de bezerros desmamados precocemente alimentados com diferentes dietas líquidas com utilização de promotor de crescimento
650 _aBEZERRO
650 _aDESMAMA
650 _aDIETA
650 _aSOJA
650 _aÓLEO
650 _aPERFORMANCE
650 _aCOLOSTRO
650 _aGANHO DE PESO
773 0 _tRevista Brasileira de Zootecnia (Brazil)
_xISSN 1516-3598
_g(Jan-Feb 2002), v. 31(1)Suplemento p. 283-292
_wBR0205193
909 _a202311
_bLúcia
_c55
_dLúcia Elande
942 _2AGRIS
_n0
_cANA
999 _c172248
_d172248